Questions-réponses sur Arles (Vol. II) - Statistiques

Statistiques générales
  • Ce quiz a été pris 26 fois
  • Le résultat moyen est 5 sur 16
Statistiques - réponses
Questions Réponses % Correct
Arles est la plus grande commune de France par sa _______. Superficie
91%
Art visuel, qui consiste à enregistrer un sujet en image fixe, avec un ensemble de techniques, de procédés et de matériels. Arles organise chaque année un festival consacré à cet art : les "Rencontres de la __________ d'Arles". La photographie
83%
Pèlerinage dont Arles constitue le départ de l'une des voies, la Via Tolosana. Le pèlerinage de Saint-Jacques-de-Compostelle
57%
Peuple qui a subi un génocide perpétré par le gouvernement révolutionnaire "Jeunes Turcs" inspiré de la Révolution française au sein de l'Empire ottoman vers 1915. Un mémorial rend hommage aux victimes de ce génocide dans le "Jardin d'été" d'Arles. Les Arméniens
52%
Concours trisannuel qui vise à élire une ambassadrice de la culture régionale. Il se fonde sur les connaissances des candidates en histoire, littérature, architecture, arts, traditions et en langue régionale. L'élection de la ___ d'Arles. Reine
43%
En date du 3 janvier 2025, une prise d'otage à eu lieu à la _____ d'Arles. Prison
39%
Maison d'édition française, fondée en 1978 en Arles par Hubert Nyssen. Actes Sud
30%
Race ovine arlésienne élevée et la laine, améliorée dans le sud-est de la France au cours du XIXe siècle, par croisement de brebis locales avec des béliers espagnols. Le mérinos d'Arles
22%
Ordre religieux catholique qui fit édifier au XVIIe siècle, un collège en Arles dont le bâtiment abrite aujourd'hui le Museon Arlaten, un musée de société, historiquement consacré à l'ethnographie de la région. La Compagnie de Jésus - Les Jésuites
17%
Roi et reine (mère) de France qui visitèrent officiellement Arles en 1564 pour apaiser les tensions pendant les Guerres de religions. Catherine de Médicis
13%
Ordre religieux et militaire issu de la chevalerie médiévale et qui se distingua notamment durant les Croisades. Arles les accueillit vers 1142 au nord de la porte du Bourg-Neuf à laquelle ils ont donné leur nom (Porte de la Milice ou Porte de la Cavalerie). L'Ordre du Temple - Les Templiers
13%
Saint originaire d'Arles qui donna son nom à l'une des deux îles de Lérins, en face de Cannes, île sur laquelle il fonda l'abbaye de Lérins (vers 400-410). Saint Honorat d'Arles
9%
Assemblée d'évêques de l'Église catholique. Il s'en est tenu deux en Arles, le premier en 314 et le second en 554. Un concile
9%
Roi et reine (mère) de France qui visitèrent officiellement Arles en 1564 pour apaiser les tensions pendant les Guerres de religions. Charles IX
0%
Coureur cycliste danois, ancien champion du monde, qui remporta en 2024 du Tour de la Provence dont la dernière étape s'est terminée en Arles. Mads Pedersen
0%
Film britannico-américain de John Frankenheimer avec Robert De Niro (1998) dont plusieurs scènes ont été tournées en Arles. Rōnin
0%
Aucun quiz correspondant
Distribution des résultats
% des personnes avec chaque résultat
Percentile par nombre de réponses
Votre historique - résultats
Vous n’avez pas pris ce quiz